| 000 | 01234nam a22003497a 4500 | ||
|---|---|---|---|
| 003 | CHAP | ||
| 005 | 20220329134738.0 | ||
| 008 | 971013s1991 r 10010 d | ||
| 010 | _a25187 | ||
| 011 | _a26159 | ||
| 035 | _a30259 | ||
| 040 | _cCHAP | ||
| 082 |
_a635.8063 _bI5 |
||
| 111 | 0 | 0 |
_aInternational Congress on the Science and Cultivation of Edible Fungi ( _n13 _d: 1991 _c: Dublin, Ireland) _959670 |
| 245 | _aScience and cultivation of edible fungi | ||
| 260 |
_aRotterdam : _bA. A. Balkema, _c1991 |
||
| 300 |
_a2v. _b; gráfs. |
||
| 490 |
_aMushroom science _v; 13 |
||
| 590 |
_aBATCH-UPD _b10 _c20130110 _lUCH01 _h0038 |
||
| 590 |
_aBATCH-UPD _b10 _c20130110 _lUCH01 _h1811 |
||
| 590 |
_aCONVERSION _b10 _c20130109 _lUCH01 _h1315 |
||
| 650 | 1 | 4 |
_aAgaricus bisporus. _91063 |
| 650 | 1 | 4 |
_aHongos comestibles _xCongresos. _956125 |
| 650 | 1 | 4 |
_aPleurotus. _989173 |
| 650 | 1 | 4 |
_aSustratos. _9110789 |
| 700 | 0 |
_aMaher, Michael J. _eed. _969876 |
|
| 830 | 0 |
_aMushroom science _v; 13 _979889 |
|
| 901 | _aBK | ||
| 942 | _cLIBRO | ||
| 949 |
_a635.8063 I5 _bBC _cLIBRO _d33724000253027 _eLIBRO _fv.1 _gI.173771 _h87692 _i30259 _si _t227.09 |
||
| 949 |
_a635.8063 I5 _bBC _cLIBRO _d33724000253035 _eLIBRO _fv.2 _gI.173771 _h87693 _i30259 _si _t227.09 |
||
| 999 |
_c25187 _d25187 |
||